00702 a2200205 45000010006000000050017000060080041000230030015000640400040000790800035001192450039001542640057001933000019002505050128002690410008003971000028004057000031004336500015004646500017004793901720260407155649.0260407a1983 arg spa dAR-UNSa-BCEJYS aAR-UNSa-BCEJYSbspacAR-UNSa-BCEJYS a347.72xSociedades comerciales10aSociedades comercialespLey 19.550 1aBuenos Aires :bEdiciones Contabilidad Modernac1983 a117 p.c22 cm. a1. Indíce de modificaciones - 2. Guía de aplicación cronológica - 3. Indíce temático-analítico por artículo aspa1 aArgentina [Leyes, etc.]1 aGarcía, Apolinar Edgardo aLey 19.550 a ley 19 550